Hodnotenie prietokového režimu na vybraných tokoch Slovenska

Enregistré dans:
Détails bibliographiques
Auteur principal: Beťko, Pavel (Auteur)
Autres auteurs: Danáčová, Michaela (Directeur de thèse)
Format: Manuscrit Livre
Langue:slovaque
Publié: 2015
Sujets:
Accès en ligne:http://is.stuba.sk/zp/portal_zp.pl?podrobnosti=98560
https://opac.crzp.sk/?fn=detailBiblioForm&sid=2564F51B838EFABDADD438B93AAC
Tags: Ajouter un tag
Pas de tags, Soyez le premier à ajouter un tag!

MARC

LEADER 00000ntm a22000003a 4500
001 stuzp51762
003 SK-STU
005 20230721113837.2
007 ta
008 150427s2015----xo-----f-mn---000-0-slo-d
040 |a STU  |b slo 
041 0 |a slo 
100 1 |a Beťko, Pavel  |u 010160  |4 aut  |U SvF Stavebná fakulta  |T SvF Katedra vodného hospodárstva krajiny  |X 54585  |U V160  |Y 16  |7 54585 
242 0 1 |a Evaluation of discharge regime on selected flows at SLovakia  |y eng 
245 1 0 |a Hodnotenie prietokového režimu na vybraných tokoch Slovenska 
260 |c 2015 
650 4 |a trendová analýza  |2 slo 
650 4 |a prietokový režim  |2 slo 
650 4 |a vodnosť  |2 slo 
650 4 |a discharge regime  |2 eng 
650 4 |a trend analysis  |2 eng 
650 4 |a wateriness  |2 eng 
700 1 |a Danáčová, Michaela  |4 ths  |X 10113  |7 A000010113 
856 4 |u http://is.stuba.sk/zp/portal_zp.pl?podrobnosti=98560 
856 4 |u https://opac.crzp.sk/?fn=detailBiblioForm&sid=2564F51B838EFABDADD438B93AAC 
SQL |a stuzp51762  |b DBP  |c SLO  |d Hodnotenie prietokového režimu na vybraných tokoch Slovenska  |e 54585  |f Beťko, Pavel  |g 010160  |h 10113  |i Danáčová, Michaela  |j 20150623  |k 7  |l 01  |m http://is.stuba.sk/zp/portal_zp.pl?podrobnosti=98560  |n B-VSH  |o 5.1.6. vodné stavby, 6.4.1. vodné hospodárstvo